<?xml version="1.0" encoding="UTF-8"?><?xml-stylesheet type="text/xsl" href="static/style.xsl"?><OAI-PMH xmlns="http://www.openarchives.org/OAI/2.0/" xmlns:xsi="http://www.w3.org/2001/XMLSchema-instance" xsi:schemaLocation="http://www.openarchives.org/OAI/2.0/ http://www.openarchives.org/OAI/2.0/OAI-PMH.xsd"><responseDate>2026-04-13T08:22:39Z</responseDate><request verb="GetRecord" identifier="oai:www.recercat.cat:2117/189494" metadataPrefix="marc">https://recercat.cat/oai/request</request><GetRecord><record><header><identifier>oai:recercat.cat:2117/189494</identifier><datestamp>2025-07-23T04:22:41Z</datestamp><setSpec>com_2072_1033</setSpec><setSpec>col_2072_452951</setSpec></header><metadata><record xmlns="http://www.loc.gov/MARC21/slim" xmlns:dcterms="http://purl.org/dc/terms/" xmlns:xsi="http://www.w3.org/2001/XMLSchema-instance" xmlns:doc="http://www.lyncode.com/xoai" xsi:schemaLocation="http://www.loc.gov/MARC21/slim http://www.loc.gov/standards/marcxml/schema/MARC21slim.xsd">
   <leader>00925njm 22002777a 4500</leader>
   <datafield ind2=" " ind1=" " tag="042">
      <subfield code="a">dc</subfield>
   </datafield>
   <datafield ind2=" " ind1=" " tag="720">
      <subfield code="a">Davi Médola, Beatriz</subfield>
      <subfield code="e">author</subfield>
   </datafield>
   <datafield ind2=" " ind1=" " tag="260">
      <subfield code="c">2020-02-28</subfield>
   </datafield>
   <datafield ind2=" " ind1=" " tag="520">
      <subfield code="a">El contexto medioambiental actual demanda una reducción de gastos energéticos e impactos medioambientales a todos los niveles para lograr un planeta sostenible. Los procesos de rehabilitación energética del patrimonio histórico construido son cada vez más comunes a fin de ahorrar y reducir emisiones. A pesar de ello, muchas veces, estas rehabilitaciones desfiguran el paisaje urbano de nuestras ciudades a corto y a medio plazo.&#xd;
Los edificios Trade de Barcelona se caracterizan por ser cuatro torres curvilíneas de envolventes totalmente acristaladas que ya han sido reconocidas como patrimonio arquitectónico de la ciudad. La solución arquitectónica propuesta por el arquitecto José Antonio Coderch posee un gran valor histórico y arquitectónico, y utiliza un particular muro cortina, solución innovadora para la época de construcción del edificio, que determina la materialidad de la obra.&#xd;
A pesar de que el edificio ha envejecido relativamente bien, las actuales exigencias medioambientales están muy lejos de las iniciales, dado que el edificio fue inaugurado en 1968, de modo que parece interesante plantear evaluación energética y una posible propuesta de rehabilitación energética. Para esto, el presente trabajo se basa en identificar las condiciones actuales de los edificios Trade, analizando las exigencias energéticas y de confort del edificio para finalmente proponer soluciones energéticamente eficientes y respetuosas patrimonialmente para el complejo, estableciendo estrategias y filosofías que generen una arquitectura más sostenible, sana, y comprometida con el medioambiente y las necesidades energéticas de la sociedad actual.&#xd;
Los métodos para lograrlo se pautaron en conocer el edificio a través de una revisión bibliográfica, levantamiento y análisis de datos de consumo energético, simulaciones en los programas CE3X y Design Builder y evaluación de resultados para, finalmente, desarrollar propuestas de mejora de la envolvente. Dado que se trata de un muro cortina muy particular, fueron desarrolladas soluciones de rehabilitación inspiradas en una economía circular. A través del uso de la tecnología conjuntamente con algunos trabajos casi artesanales y la reutilización de materiales, se propone una solución de fachada que aumenta la vida útil del patrimonio construido en pro de mantener nuestro patrimonio moderno acorde con las condiciones actuales de sostenibilidad.</subfield>
   </datafield>
   <datafield tag="653" ind2=" " ind1=" ">
      <subfield code="a">Àrees temàtiques de la UPC::Energies::Gestió de l'energia::Estalvi energètic</subfield>
   </datafield>
   <datafield tag="653" ind2=" " ind1=" ">
      <subfield code="a">Circular economy</subfield>
   </datafield>
   <datafield tag="653" ind2=" " ind1=" ">
      <subfield code="a">Buildings -- Energy conservation</subfield>
   </datafield>
   <datafield tag="653" ind2=" " ind1=" ">
      <subfield code="a">Eficiencia Energética, Sostenibilidad, Muro cortina, Economía circular</subfield>
   </datafield>
   <datafield tag="653" ind2=" " ind1=" ">
      <subfield code="a">Edificis -- Consum d'energia -- Catalunya -- Barcelona</subfield>
   </datafield>
   <datafield tag="653" ind2=" " ind1=" ">
      <subfield code="a">Edificis Trade (Barcelona, Catalunya)</subfield>
   </datafield>
   <datafield tag="653" ind2=" " ind1=" ">
      <subfield code="a">Coderch, J. A. (Josep Antoni), 1913-1984</subfield>
   </datafield>
   <datafield tag="653" ind2=" " ind1=" ">
      <subfield code="a">Edificis d'oficines -- Catalunya -- Barcelona</subfield>
   </datafield>
   <datafield tag="653" ind2=" " ind1=" ">
      <subfield code="a">Economia circular</subfield>
   </datafield>
   <datafield ind2="0" ind1="0" tag="245">
      <subfield code="a">Edificios Trade de Barcelona: una posible rehabilitación energética de la obra de Coderch</subfield>
   </datafield>
</record></metadata></record></GetRecord></OAI-PMH>